Name The K-POP Group #1 - Statistics

General Stats
  • This quiz has been taken 251 times
  • The average score is 11 of 12
Answer Stats
Picture Answer % Correct
BLACKPINK
98%
BTS
98%
STRAY KIDS
95%
TWICE
92%
TXT
92%
SEVENTEEN
90%
AESPA
89%
ENHYPEN
89%
ITZY
87%
RED VELVET
82%
EXO
80%
ATEEZ
77%
No matching quizzes found
Score Distribution
Percent of People with Each Score
Percentile by Number Answered
Your Score History
You have not taken this quiz